Subnautica fauna - Statistics

General Stats
  • This quiz has been taken 207 times
    108 since last reset
  • The average score is 30 of 49
Answer Stats
Answer % Correct
reaper leviathan
97%
ghost leviathan
94%
peeper
87%
sea dragon leviathan
83%
bladderfish
81%
sea emperor leviathan
81%
stalker
81%
crabsquid
79%
reefback
79%
boneshark
78%
sandshark
78%
boomerang
75%
sea treader
71%
crabsnake
68%
garryfish
68%
warper
67%
biter
63%
rabbit ray
63%
jellyray
62%
cave crawler
60%
crashfish
60%
gasopod
60%
ghostray
60%
lava lizard
60%
eyeye
59%
ampeel
56%
hoverfish
56%
magmarang
56%
oculus
56%
bleeder
54%
blood crawler
52%
hoopfish
52%
holefish
51%
lava larva
51%
mesmer
51%
red eyeye
51%
river prowler
51%
skyray
51%
cuddlefish
48%
reginald
48%
blighter
46%
crimson ray
46%
rockgrub
46%
spadefish
44%
floater
43%
spinefish
40%
shuttlebug
37%
ancient floater
33%
amoeboid
32%
No matching quizzes found
Score Distribution
Percent of People with Each Score
Percentile by Number Answered
Your Score History
You have not taken this quiz since the last reset